[Event "Ita op 1st"]
[Site "Ita"]
[Date "2022.02.12"]
[Round "2"]
[White "Toledo, Orlando"]
[Black "Duarte Laconich, Jazmin"]
[Result "1-0"]
[WhiteElo "1710"]
[BlackElo "1273"]
[PlyCount "143"]
[EventDate "2022.02.11"]
[EventType "swiss"]
[EventRounds "7"]
[EventCountry "PAR"]
[SourceTitle "EXT 2023"]
[Source "ChessBase"]
[SourceDate "2022.10.05"]
[SourceVersion "1"]
[SourceVersionDate "2022.10.05"]
[SourceQuality "1"]

1. e4 e6 2. d3 d5 3. Nd2 b6 4. Ngf3 Bb7 5. g3 Nd7 6. Bg2 c5 7. 0-0 Ngf6 8. Re1 h6 9. Nf1 Be7 10. exd5 Bxd5 11. Ne3 Bb7 12. Qe2 0-0 13. Bd2 Qc7 14. Rad1 Rfe8 15. h3 Bf8 16. Ng4 Rac8 17. Nge5 Nxe5 18. Nxe5 Bxg2 19. Kxg2 Nd7 20. f4 Nxe5 21. fxe5 c4 22. d4 Red8 23. c3 a5 24. Qg4 Kh7 25. Rf1 g6 26. Rf2 Bg7 27. Rdf1 Rf8 28. h4 Qe7 29. Qe4 f5 30. exf6 Rxf6 31. h5 Rcf8 32. Rxf6 Rxf6 33. Rxf6 Qxf6 34. Qxg6+ Qxg6 35. hxg6+ Kxg6 36. Kf3 h5 37. Ke4 Kf6 38. Bf4 b5 39. d5 Ke7 40. Be5 Bh6 41. Kd4 Kd7 42. dxe6+ Kxe6 43. Bc7 Bg7+ 44. Kc5 Be5 45. Bxe5 Kxe5 46. Kxb5 Kf5 47. b4 cxb3 48. axb3 Kg4 49. c4 Kxg3 50. c5 h4 51. c6 h3 52. c7 h2 53. c8Q h1Q 54. Qc7+ Kg4 55. Qg7+ Kf4 56. Qd4+ Kg5 57. Kxa5 Qa8+ 58. Kb4 Qb8+ 59. Kc4 Kf5 60. b4 Ke6 61. b5 Qc7+ 62. Kb4 Qe7+ 63. Qc5 Qb7 64. Ka5 Qa8+ 65. Kb6 Qb8+ 66. Ka6 Qa8+ 67. Qa7 Qf3 68. Qb6+ Ke5 69. Qc5+ Ke6 70. Qc6+ Qxc6+ 71. bxc6 Kd6 72. Kb7 1-0

[Event "PAR-ch (Women)"]
[Site "Asuncion"]
[Date "2019.11.07"]
[Round "4"]
[White "Duarte Laconich, Jazmin"]
[Black "Zorrilla Videla, Maria Valentina"]
[Result "1-0"]
[WhiteElo "1300"]
[BlackElo "1268"]
[PlyCount "53"]
[EventDate "2019.11.04"]
[EventType "tourn"]
[EventRounds "9"]
[EventCountry "PAR"]
[SourceTitle "CBM 193 Extra"]
[Source "ChessBase"]
[SourceDate "2020.01.31"]
[SourceVersion "1"]
[SourceVersionDate "2020.01.31"]
[SourceQuality "1"]

1. e4 c6 2. d4 d5 3. e5 Bf5 4. f4 e6 5. Nf3 Ne7 6. Nbd2 Ng6 7. Nb3 Be7 8. Be2 0-0 9. 0-0 Nd7 10. Be3 Rc8 11. c3 Nb6 12. Nc5 Qc7 13. Nd2 Nd7 14. g4 Be4 15. Ndxe4 dxe4 16. Nxe4 h6 17. f5 exf5 18. gxf5 Nh8 19. f6 gxf6 20. exf6 Bd6 21. Rf2 Kh7 22. Bd3 Ng6 23. Ng5+ Kg8 24. Qh5 Bf4 25. Bxf4 Nxf4 26. Qxh6 Nxf6 27. Bh7+ 1-0

[Event "PAR-ch sf (Women)"]
[Site "Asuncion"]
[Date "2019.09.26"]
[Round "9"]
[White "Oviedo Acosta, Paula"]
[Black "Duarte Laconich, Jazmin"]
[Result "1-0"]
[WhiteElo "1407"]
[BlackElo "1364"]
[PlyCount "123"]
[EventDate "2019.09.20"]
[EventType "swiss"]
[EventRounds "9"]
[EventCountry "PAR"]
[SourceTitle "CBM 194 Extra"]
[Source "ChessBase"]
[SourceDate "2020.03.31"]
[SourceVersion "1"]
[SourceVersionDate "2020.03.31"]
[SourceQuality "1"]

1. e4 e6 2. d4 d5 3. Nd2 dxe4 4. Nxe4 Nd7 5. Nf3 Ngf6 6. Bd3 Be7 7. Nxf6+ Nxf6 8. Bg5 0-0 9. Bxf6 Bxf6 10. Be4 Be7 11. Qe2 c5 12. 0-0-0 Qc7 13. Kb1 Rb8 14. Ng5 b5 15. h4 f5 16. Bf3 Bxg5 17. hxg5 g6 18. Rh6 cxd4 19. Rxd4 Rf7 20. Qd3 Rd7 21. Rhh4 e5 22. Rxd7 Qxd7 23. Qb3+ Kg7 24. Qc3 Qd6 25. Rh1 Bb7 26. Rd1 Qe7 27. Bxb7 Rxb7 28. f4 Rc7 29. Qxe5+ Qxe5 30. fxe5 Re7 31. Rd5 a6 32. c3 h6 33. gxh6+ Kxh6 34. Kc2 Kg5 35. Kd3 Kf4 36. Rd6 Kxe5 37. Rxg6 Rd7+ 38. Ke2 Ra7 39. g3 Ke4 40. Re6+ Kd5 41. Re8 Rf7 42. Kf3 Rf6 43. Kf4 Rf7 44. Re5+ Kc4 45. Re3 Kd5 46. b3 Rh7 47. Kxf5 Rh2 48. Re5+ Kc6 49. Re6+ Kb7 50. a4 Rb2 51. axb5 axb5 52. b4 Rc2 53. Re3 Rf2+ 54. Kg5 Kc6 55. Re5 Rf3 56. Rc5+ Kb6 57. g4 Rf2 58. Kg6 Rf3 59. Kg7 Rg3 60. g5 Rf3 61. g6 Rf2 62. Kh6 1-0

[Event "PAR-ch sf (Women)"]
[Site "Asuncion"]
[Date "2019.09.23"]
[Round "6"]
[White "Zorrilla Videla, Maria Valentina"]
[Black "Duarte Laconich, Jazmin"]
[Result "1-0"]
[WhiteElo "1276"]
[BlackElo "1364"]
[PlyCount "39"]
[EventDate "2019.09.20"]
[EventType "swiss"]
[EventRounds "9"]
[EventCountry "PAR"]
[SourceTitle "CBM 194 Extra"]
[Source "ChessBase"]
[SourceDate "2020.03.31"]
[SourceVersion "1"]
[SourceVersionDate "2020.03.31"]
[SourceQuality "1"]

1. e4 e5 2. Bc4 Nf6 3. d3 Nc6 4. Nc3 h6 5. Nge2 Bc5 6. 0-0 0-0 7. h3 Na5 8. Bb3 Nxb3 9. axb3 a6 10. Kh1 d6 11. Ng3 Be6 12. f4 Ng4 13. Qf3 Qh4 14. f5 Nf2+ 15. Kh2 g5 16. Qh5 Qxh5 17. Nxh5 Bc8 18. Bd2 c6 19. Be1 Nxd3 20. cxd3 1-0

[Event "Pan American-ch U20 Girls"]
[Site "Cochabamba"]
[Date "2019.08.04"]
[Round "6"]
[White "Duarte Laconich, Jazmin"]
[Black "Velarde Alarcon, Jhoana"]
[Result "1/2-1/2"]
[WhiteElo "1429"]
[BlackElo "1267"]
[PlyCount "80"]
[EventDate "2019.08.01"]
[EventType "swiss"]
[EventRounds "9"]
[EventCountry "BOL"]
[SourceTitle "EXT 2021"]
[Source "ChessBase"]
[SourceDate "2020.10.23"]
[SourceVersion "1"]
[SourceVersionDate "2020.10.23"]
[SourceQuality "1"]

1. Nf3 Nf6 2. g3 Nc6 3. Bg2 e5 4. d3 Bc5 5. 0-0 0-0 6. Bg5 h6 7. Bxf6 Qxf6 8. Nc3 d6 9. Ne4 Qe7 10. Nxc5 dxc5 11. c3 Rd8 12. Qc2 Be6 13. Rfd1 Qd7 14. Rd2 Bd5 15. e4 Be6 16. Rad1 f5 17. d4 cxd4 18. cxd4 exd4 19. Nxd4 Nxd4 20. Rxd4 Qe7 21. exf5 Rxd4 22. Rxd4 Bxa2 23. Re4 Qf7 24. Rb4 c6 25. b3 Qe7 26. Ra4 Qe1+ 27. Bf1 Bb1 28. Qc4+ Kh7 29. Ra1 Rd8 30. Qe2 Qxe2 31. Bxe2 Bxf5 32. Rxa7 Rd7 33. Kg2 Be6 34. b4 Bd5+ 35. Bf3 Bxf3+ 36. Kxf3 Kg6 37. Ke3 Kf6 38. f4 Kf5 39. h3 g5 40. fxg5 Kxg5 1/2-1/2

[Event "Pan American-ch U20 Girls"]
[Site "Cochabamba"]
[Date "2019.08.01"]
[Round "1"]
[White "Duarte Laconich, Jazmin"]
[Black "Hilario Huaranca, Aleyla Karen"]
[Result "0-1"]
[WhiteElo "1429"]
[BlackElo "1841"]
[PlyCount "124"]
[EventDate "2019.08.01"]
[EventType "swiss"]
[EventRounds "9"]
[EventCountry "BOL"]
[SourceTitle "EXT 2020"]
[Source "ChessBase"]
[SourceDate "2019.10.17"]
[SourceVersion "1"]
[SourceVersionDate "2019.10.17"]
[SourceQuality "1"]

1. e4 e6 2. d4 d5 3. exd5 exd5 4. Bd3 Bd6 5. Ne2 Qh4 6. Nbc3 c6 7. Be3 Ne7 8. Qd2 h6 9. Bf4 Bxf4 10. Qxf4 Qxf4 11. Nxf4 Bf5 12. 0-0-0 0-0 13. Rhe1 Bxd3 14. Rxd3 Nf5 15. g4 Nd6 16. Re7 Na6 17. Rde3 Rfd8 18. Nh5 Kf8 19. Ng3 Rac8 20. Re2 Nc7 21. R7e3 Ne6 22. Re1 Nxd4 23. Rd3 Ne6 24. Nce2 Re8 25. Nd4 Nxd4 26. Rxe8+ Rxe8 27. Rxd4 Re1+ 28. Rd1 Rxd1+ 29. Kxd1 Ke7 30. Ke2 g6 31. b3 Ke6 32. Ke3 c5 33. Ne2 g5 34. h3 f5 35. f3 f4+ 36. Kd3 Nf7 37. Nc1 Ne5+ 38. Ke2 d4 39. Nd3 Nxd3 40. Kxd3 Kd5 41. a4 b6 42. c3 dxc3 43. Kxc3 a6 44. Kd3 b5 45. axb5 axb5 46. Kc3 c4 47. b4 Ke5 48. Kd2 Kd4 49. Kc2 Ke3 50. Kc3 Kxf3 51. Kd4 Ke2 52. Kc5 c3 53. Kxb5 c2 54. Ka6 c1Q 55. b5 Qc8+ 56. Ka7 Qc7+ 57. Ka6 f3 58. b6 Qb8 59. b7 f2 60. Ka5 Qxb7 61. Ka4 f1R 62. Ka3 Ra1# 0-1

[Event "PAR-ch U14"]
[Site "Asuncion"]
[Date "2019.02.09"]
[Round "9"]
[White "Montiel Acosta, Mateo"]
[Black "Duarte Laconich, Jazmin"]
[Result "0-1"]
[WhiteElo "1057"]
[BlackElo "1211"]
[PlyCount "94"]
[EventDate "2019.02.04"]
[EventType "tourn"]
[EventRounds "9"]
[EventCountry "PAR"]
[SourceTitle "CBM 189 Extra"]
[Source "ChessBase"]
[SourceDate "2019.06.03"]
[SourceVersion "1"]
[SourceVersionDate "2019.06.03"]
[SourceQuality "1"]

1. e4 e5 2. Nf3 Nc6 3. Bc4 Bc5 4. c3 Bb6 5. d4 d6 6. dxe5 dxe5 7. Qxd8+ Kxd8 8. Be3 Bxe3 9. fxe3 Ke7 10. 0-0 Nf6 11. Nbd2 Be6 12. Bd5 Bxd5 13. exd5 Nxd5 14. Nc4 f6 15. Rad1 Rad8 16. Rf2 a6 17. g3 b5 18. e4 Nb6 19. Rxd8 Rxd8 20. Nxb6 cxb6 21. b3 Rd3 22. c4 bxc4 23. bxc4 Na5 24. Nd2 Rd4 25. Nb3 Nxb3 26. axb3 Rxe4 27. Rc2 Re1+ 28. Kg2 Rb1 29. Rc3 Ke6 30. c5 bxc5 31. Rxc5 Rb2+ 32. Kf3 Rxb3+ 33. Ke2 Rb2+ 34. Kd3 Rxh2 35. Rc6+ Kf5 36. Rxa6 Rh3 37. Ke2 Rxg3 38. Ra1 h5 39. Rf1+ Kg4 40. Kf2 Rf3+ 41. Kg1 Rxf1+ 42. Kxf1 h4 43. Kg1 e4 44. Kh1 e3 45. Kg2 h3+ 46. Kh2 e2 47. Kh1 Kg3 0-1

[Event "South America School 24th"]
[Site "Arequipa"]
[Date "2018.12.05"]
[Round "6.4"]
[White "Duarte Laconich, Jazmin"]
[Black "Kikuchi Cadilhac, Mariana Sawae"]
[Result "0-1"]
[WhiteElo "1196"]
[BlackElo "1610"]
[PlyCount "100"]
[EventDate "2018.12.03"]
[EventType "team-swiss"]
[EventRounds "9"]
[EventCountry "PER"]
[SourceTitle "EXT 2024"]
[Source "ChessBase"]
[SourceDate "2023.10.10"]
[SourceVersion "1"]
[SourceVersionDate "2023.10.10"]
[SourceQuality "1"]
[WhiteTeam "Paraguay U14"]
[BlackTeam "Brasil U14"]
[WhiteTeamCountry "PAR"]
[BlackTeamCountry "BRA"]

1. e4 e5 2. Nf3 Nc6 3. Bc4 Bc5 4. c3 Nf6 5. d4 exd4 6. e5 d5 7. Bb5 Ne4 8. Nxd4 Bd7 9. Bxc6 bxc6 10. 0-0 0-0 11. f3 Ng5 12. f4 Ne4 13. Be3 f6 14. Nd2 fxe5 15. fxe5 Rxf1+ 16. Qxf1 Nxd2 17. Bxd2 Rb8 18. Rb1 Qh4 19. Qf2 Qxf2+ 20. Kxf2 Bf5 21. Ra1 Rxb2 22. Ke1 Bd7 23. e6 Bxd4 24. exd7 Bf6 25. Rc1 Rb8 26. c4 d4 27. Bf4 Rd8 28. Rb1 Rxd7 29. Rb8+ Rd8 30. Bxc7 Rxb8 31. Bxb8 a6 32. Ke2 c5 33. Kd3 Kf7 34. Ba7 Be7 35. Bb8 Ke6 36. Bf4 Bd6 37. Ke4 Bxf4 38. Kxf4 g5+ 39. Ke4 h5 40. h3 a5 41. a4 h4 42. Kf3 Kf5 43. Ke2 Ke4 44. Kf2 d3 45. Kf1 Ke3 46. Ke1 d2+ 47. Kd1 Kd3 48. g4 hxg3 49. h4 g2 50. hxg5 g1Q# 0-1